Real Madrid Starting XI Since 2022 - Statistics

General Stats
  • This quiz has been taken 72 times
  • The average score is 40 of 44
Answer Stats
Hint % Correct
LW Vinicius Jr
100%
LW Vinicius Jr
100%
LW Vinicius Jr
100%
LW Vinicius Jr
100%
RW Rodrygo
98%
RW Rodrygo
98%
RW Rodrygo
98%
RW Rodrygo
98%
CF Benzema
97%
CF Benzema
97%
RB Carvajal
97%
RB Carvajal
97%
RB Carvajal
97%
CM Modrić
97%
CM Modrić
97%
CM Modrić
97%
GK Courtois
95%
GK Courtois
95%
GK Courtois
95%
ST Mbappé
95%
CB Rüdiger
94%
CB Rüdiger
94%
CM Kroos
92%
CM Kroos
92%
CM Kroos
92%
LB Mendy
90%
LB Mendy
90%
LB Mendy
90%
GK Lunin
89%
CB Militão
87%
CB Militão
87%
CB Militão
87%
CB Alaba
84%
CB Alaba
84%
AM Bellingham
84%
AM Bellingham
84%
DM Casemiro
84%
LB Camavinga
76%
CM Tchouameni
74%
RB Valverde
74%
CM Valverde
74%
CM Valverde
74%
ST Joselu
71%
CB Asencio
60%
No matching quizzes found
Score Distribution
Percent of People with Each Score
Percentile by Number Answered
Your Score History
You have not taken this quiz